000 00252nam a2200109Ia 4500
008 220204s9999 xx 000 0 und d
082 _a329(540)
_bABB
100 _aAbbas, K A
245 0 _aJanata in a jam
260 _aBombay
_bJaico
_c1978
942 _cBK
999 _c30069
_d30069